Стасис Красаускас: [альбом]

Bibliografische gegevens
Andere auteurs: Корсакайте И. К. (составитель), Богданова И. Ф.
Samenvatting:В альбоме использованы фотографии из архива семьи художника
Список иллюстраций и аннотация даны на англ. и нем. яз..
Taal:Russisch
Gepubliceerd in: Москва, Книга, 1988
Reeks:Мастера советского книжного искусства
Onderwerpen:
Formaat: Boek
KOHA link:https://koha.lib.tpu.ru/cgi-bin/koha/opac-detail.pl?biblionumber=118459

MARC

LEADER 00000nam0a2200000 4500
001 118459
005 20231101215455.0
010 |a 5212000602 
035 |a (RuTPU)RU\TPU\book\128181 
090 |a 118459 
100 |a 20070613d1988 m y0rusy50 ca 
101 0 |a rus 
102 |a RU 
105 |a a z 001zb 
200 1 |a Стасис Красаускас  |e [альбом]  |f сост. альбома и авт. вступительной статьи И. К. Корсакайте; сост. раздела высказываний о худ. И. Ф. Богданова 
210 |a Москва  |c Книга  |d 1988 
215 |a 175 с.  |c ил.  |d 26, 8 см. 
225 1 |a Мастера советского книжного искусства 
300 |a В альбоме использованы фотографии из архива семьи художника 
300 |a Список иллюстраций и аннотация даны на англ. и нем. яз.. 
320 |a Основные даты творческой биографии, персональные выставки: с. 170 
320 |a Список иллюстрированных книг, издания гравюр: с. 170-171 
320 |a Основная литература: с. 172 
320 |a Список иллюстраций: с. 172. 
600 1 |a Красаускас  |b С. А.  |c литовский график  |c народный художник Литовской ССР (1977)  |c иллюстратор  |f 1929-1977  |g Стасис Альгирдо  |2 stltpush  |3 (RuTPU)RU\TPU\pers\19665  |9 7613 
610 1 |a Литва 
610 1 |a искусство 
610 1 |a 20 век 
610 1 |a изобразительное искусство 
610 1 |a книжная графика 
610 1 |a книжные иллюстрации 
610 1 |a иллюстраторы 
610 1 |a графики 
610 1 |a альбомы 
675 |a 76:655(084)  |v 3 
702 1 |a Корсакайте  |b И. К.  |4 220 
702 1 |a Богданова  |b И. Ф.  |4 220 
801 1 |a RU  |b 63413507  |c 20070613  |g PSBO 
942 |c BK